Body Parts - Sudden Death #2 - Statistics

General Stats
  • This quiz has been taken 11,827 times
  • The average score is 16 of 20
Answers on the Grid
Answers color-coded by a green-red scale on the quiz's grid according to % correct below.
Achilles tendon
Baccarat
Celeborn
Cerebellum
Colon
Comma
Deltoid
Diaphragm
Follicle
Gizzard
Hamstring
Horcrux
Incisor
Jellicle
Jugular vein
Larynx
Lemur
Navel
Olympus mons
Patagium
Pectoralis major
Placenta
Prostate
Retina
Rib cage
Sciatic nerve
Septum
Spleen
Tonsils
Ursa minor
 
Answer Stats
Answer % Correct
Achilles tendon
86%
Colon
86%
Rib cage
85%
Diaphragm
84%
Prostate
84%
Retina
83%
Tonsils
83%
Hamstring
82%
Jugular vein
81%
Larynx
81%
Spleen
81%
Cerebellum
80%
Placenta
80%
Sciatic nerve
78%
Septum
78%
Follicle
77%
Navel
77%
Deltoid
72%
Incisor
72%
Pectoralis major
69%
No matching quizzes found
Score Distribution
Percent of People with Each Score
Percentile by Number Answered
Your Score History
You have not taken this quiz